书目信息 |
| 题名: |
土地政策的政治逻辑
|
|
| 作者: | 叶国文 著 | |
| 分册: | ||
| 出版信息: | 天津 天津人民出版社 2008.01 |
|
| 页数: | 297页 | |
| 开本: | 21cm | |
| 丛书名: | 复旦政治与行政研究丛书 | |
| 单 册: | ||
| 中图分类: | F321.1 | |
| 科图分类: | ||
| 主题词: | 土地政策--tu di zheng ce--研究--中国 | |
| 电子资源: | ||
| ISBN: | 978-7-201-05619-7 | |
| 000 | 01043nam 2200277 450 | |
| 001 | 012008390518 | |
| 005 | 20080603163310.71 | |
| 010 | @a978-7-201-05619-7@dCNY25.00 | |
| 100 | @a20080603d2008 em y0chiy0120 ea | |
| 101 | 0 | @achi |
| 102 | @aCN@b120000 | |
| 105 | @ay a 000yy | |
| 106 | @ar | |
| 200 | 1 | @a土地政策的政治逻辑@Atu di zheng ce de zheng zhi luo ji@e农民、政权与中国现代化@f叶国文著@Fye guo wen zhu |
| 210 | @a天津@c天津人民出版社@d2008.01 | |
| 215 | @a297页@d21cm | |
| 225 | 2 | @a复旦政治与行政研究丛书@Afu dan zheng zhi yu xing zheng yan jiu cong shu@v13 |
| 320 | @a有书目 | |
| 330 | @a本书以当代中国土地政策作为对象,考察不同时期农民、国家政权和现代化三者之间的关系,揭示采取土地政策的政治意义和价值。 | |
| 410 | 0 | @12001 @a复旦政治与行政研究丛书 |
| 517 | 1 | @a农民、政权与中国现代化@Anong min、zheng quan yu zhong guo xian dai hua |
| 606 | 0 | @a土地政策@Atu di zheng ce@x研究@y中国 |
| 690 | @aF321.1@v4 | |
| 701 | 0 | @a叶国文@Aye guo wen@4著 |
| 801 | 0 | @aCN@bQSSK@c20080603 |
| 905 | @b721518-20@dF321.1@eY433@f3 | |
| 土地政策的政治逻辑:农民、政权与中国现代化/叶国文著.-天津:天津人民出版社,2008.01 |
| 297页;21cm.-(复旦政治与行政研究丛书;13) |
| ISBN 978-7-201-05619-7:CNY25.00 |
| 本书以当代中国土地政策作为对象,考察不同时期农民、国家政权和现代化三者之间的关系,揭示采取土地政策的政治意义和价值。 |
| ● |
| 相关链接 |
|
|
|
正题名:土地政策的政治逻辑
索取号:F321.1/Y433
 
预约/预借
| 序号 | 登录号 | 条形码 | 馆藏地/架位号 | 状态 | 备注 |
| 1 | 721518 | 207215182 | 社科库409/409社科库 33排2列3层/ [索取号:F321.1/Y433] | 在馆 | |
| 2 | 721519 | 207215191 | 社科库409/409社科库 33排2列3层/ [索取号:F321.1/Y433] | 在馆 | |
| 3 | 721520 | 207215208 | 社科库409/400B社科库 4排1列3层/ [索取号:F321.1/Y433] | 在馆 |